| 000 | 00907cam a2200277 a 4500 | ||
|---|---|---|---|
| 001 | 4528496 | ||
| 005 | 20151110115702.0 | ||
| 008 | 030922s2003 cau b 001 0 eng d | ||
| 020 | _a0060539283 | ||
| 035 | _a(OCoLC)52259604 | ||
| 035 | _a(OCoLC)ocm52259604 | ||
| 035 | _a(NNC)4528496 | ||
| 040 |
_aKBC _cKBC _dOCLCQ _dEXW _dPU _dNNUT |
||
| 050 | _aBV5091.C7M47 2003 | ||
| 090 |
_aBV5091.C7 _bM575 1983 |
||
| 100 | 1 |
_aMerton, Thomas, _d1915-1968. _97952 |
|
| 245 | 1 | 4 |
_aThe inner experience : _bnotes on contemplation / _cThomas Merton ; edited and selected by Partrick, Hart |
| 250 | _a1st ed | ||
| 260 |
_a[San Francisco] : _bCistercian studies quarterly review _c1983 |
||
| 300 |
_axvi, 300 p. ; _c24 cm |
||
| 504 | _aIncludes bibliographical references and index | ||
| 650 | 0 |
_aContemplation. _97213 |
|
| 700 | 1 |
_aHart, Patrick _d1917- _920862 _eed. |
|
| 942 |
_2lcc _cMONOGRAPH |
||
| 999 |
_c123719 _d123719 |
||